WITHOUT A TRACE (Record no. 33669)

MARC details
000 -LEADER
fixed length control field 00238nam a22001217a 4500
003 - CONTROL NUMBER IDENTIFIER
control field SGT
082 ## - DEWEY DECIMAL CLASSIFICATION NUMBER
Classification number 823
Item number DRE
100 ## - MAIN ENTRY--PERSONAL NAME
Personal name DREW NANCY
245 ## - TITLE STATEMENT
Title WITHOUT A TRACE
260 ## - PUBLICATION, DISTRIBUTION, ETC. (IMPRINT)
Place of publication, distribution, etc USA
Name of publisher, distributor, etc ALADDIN
Year of Publication 2004
300 ## - PAGE DESCRIPTION
No. of Pages 149
942 ## - ADDED ENTRY ELEMENTS (KOHA)
Source of classification or shelving scheme Dewey Decimal Classification
Koha item type Books
Holdings
Withdrawn status Lost status Source of classification or shelving scheme Damaged status Not for loan Collection code Home library Current library Shelving location Date acquired SGTU Total Checkouts Full call number Accession No. (Barcode) Date last seen Bill Date Koha item type
    Dewey Decimal Classification     MASS COMMUNICATION SGT Science & Social Sciences Library SGT Science & Social Sciences Library Text Book 29/01/2026 SGTU   823 DRE MC1431 29/01/2026 29/01/2026 Books